000 00616nab a2200181 4500
001 244442
003 OSt
005 20251202133919.0
007 tu
008 251202s2020|||||||
040 _aDE-2950
_cDE-2950
245 0 0 _aWoGe Süd investiert weiter
_bWohnen. Die 1996 gegründete Genossenschaft vermietet vor allem in Neuberesinchen Wohnungen und sieht sich im Stadtteil gut aufgestellt für die Zukunft/
_cThomas Meiler
264 _c2025
653 _aFrankfurt (Oder)
653 _aWoGe Süd
773 0 _g36. Jahrgang (2025) Nr. 275 vom 26.11.2025, S. 13 mit Foto
_tMärkische Oderzeitung
942 _2z
_cA
999 _c374136
_d374136